|
|
|
|
| LEADER |
00000nas a2200000 i 4500 |
| 001 |
ssj0001285093 |
| 003 |
WaSeSS |
| 005 |
20200512172242.0 |
| 006 |
m d |
| 007 |
cr n |
| 008 |
130710c20129999hu fx p s 0 0eng c |
| 010 |
|
|
|a 2014238607
|
| 022 |
|
|
|a 2063-7330
|l 2063-7330
|
| 035 |
|
|
|a (WaSeSS)ssj0001285093
|
| 040 |
|
|
|a CNCGM
|b eng
|c CNCGM
|d IUL
|d CUS
|d OCLCF
|d AU@
|d COO
|d OCLCQ
|d WaSeSS
|
| 042 |
|
|
|a pcc
|
| 050 |
1 |
4 |
|a P91.3
|b .K65
|
| 222 |
|
0 |
|a Kome
|b (Budapest)
|
| 245 |
0 |
0 |
|a KOME
|h [electronic resource] :
|b an international journal of pure communication inquiry.
|
| 260 |
|
|
|a Budapest :
|b Hungarian Communication Studies Association
|
| 310 |
|
|
|a Two nos. a year
|
| 362 |
1 |
|
|a Began in 2012.
|
| 506 |
|
|
|a License restrictions may limit access.
|
| 588 |
|
|
|a Description based on: Vol. 1 issue 1 (2012); title from contents page (viewed July 15, 2014)
|
| 588 |
|
|
|a Latest issue consulted: Vol. 2 issue 1 (2014) (viewed July 15, 2014).
|
| 650 |
|
0 |
|a Communication
|x Research
|v Periodicals.
|
| 650 |
|
0 |
|a Mass media
|x Research
|v Periodicals.
|
| 650 |
|
7 |
|a Communication
|x Research.
|2 fast
|0 (OCoLC)fst00870003
|
| 650 |
|
7 |
|a Mass media
|x Research.
|2 fast
|0 (OCoLC)fst01011296
|
| 655 |
|
0 |
|a Electronic journals.
|
| 710 |
2 |
|
|a Magyar Kommunikációtudományi Társaság.
|
| 856 |
4 |
0 |
|z Full text available from Research Library: 01/01/2012 to present
|u https://search.proquest.com/publication/2050660
|